LEADER 00913nam a2200265 i 4500 001 991003340919707536 005 20021205144913.0 008 020321s1954 it ||| | ita 035 $ab11792462-39ule_inst 035 $aPARLA224886$9ExL 040 $aDip.to Filosofia$bita 100 1 $aLo Duca, Giuseppe Maria$0330551 245 10$aStoria del cinema /$cLo Duca ; illustrazioni di Chaplin ... [et al.] 250 $a2. ed 260 $aMilano :$bGarzanti 300 $a123 p. :$bill. ;$c19 cm. 490 0 $aSerie saper tutto 650 4$aCinematografo$xStoria 700 1 $aChaplin, Charles 907 $a.b11792462$b27-04-17$c09-12-02 912 $a991003340919707536 945 $aLE005 FONDO MORO 107$g1$i2005000124778$lle005$o-$pE0.00$q-$rl$s- $t0$u0$v0$w0$x0$y.i12040095$z09-12-02 996 $aHistoire du cinema$923908 997 $aUNISALENTO 998 $ale005$b01-01-02$cm$da $e-$fita$git $h0$i1 LEADER 00922cam0-2200301 --450 001 9910837196803321 005 20240314115006.0 010 $a978-88-6923-964-9 010 $a978-88-6923-965-6$bdigitale 020 $aIT$b2022-2674 100 $a20240314d2021----kmuy0itay5050 ba 101 0 $aita 102 $aIT 105 $a a 001yy 200 1 $aAnacronie$eleggibilità tra passato e presente nel display delle arti$fa cura di Lucia Corrain 210 $aBologna$cBononia University Press$d2021 215 $a174 p.$cill.$d21 cm 225 1 $aDAR$eDipartimento delle arti$v9 610 0 $aArte$aEsposizioni$aAllestimento$aItalia$a1976-2019 676 $a707.445$v23$zita 702 1$aCorrain,$bLucia 801 0$aIT$bUNINA$gREICAT$2UNIMARC 901 $aBK 912 $a9910837196803321 952 $aCOLLEZ. 2992 (9)$b1213/2024$fFSPBC 959 $aFSPBC 996 $aAnacronie$93574201 997 $aUNINA